ბათუმის შოთა რუსთაველის სახელმწიფო უნივერსიტეტის ბიბლიოთეკა

Der Grosse Duden : (ბიბ.ჩანაწერი № 63335)

000 -LEADER
fixed length control field 00864nam a22001817a 4500
005 - DATE AND TIME OF LATEST TRANSACTION
control field 20250918174201.0
008 - FIXED-LENGTH DATA ELEMENTS--GENERAL INFORMATION
fixed length control field 250918s1971 gw ||||| |||| 00| 0 goh d
041 ## - LANGUAGE CODE
Language code of text/sound track or separate title goh
080 ## - UNIVERSAL DECIMAL CLASSIFICATION NUMBER
Universal Decimal Classification number 81'374038)=112.2 D-45
245 ## - TITLE STATEMENT
Title Der Grosse Duden :
Remainder of title Wörterbuch und Leitfaden der deutschen Rechtschreibung : Mit einem Anhang, Vorschriften für den Schriftsatz, Korrekturvorschriften und Hinweise für das Maschinenschreiben. 16 Auflage.
Statement of responsibility, etc. Edit. Horst Klient.
264 ## - PRODUCTION, PUBLICATION, DISTRIBUTION, MANUFACTURE, AND COPYRIGHT NOTICE
Place of production, publication, distribution, manufacture Leipzig :
Name of producer, publisher, distributor, manufacturer VEB Bibliographisches Institut,
Date of production, publication, distribution, manufacture, or copyright notice 1971.
300 ## - PHYSICAL DESCRIPTION
Extent 732 p.;
Other physical details 22 cm.
653 ## - INDEX TERM--UNCONTROLLED
keyword გერმანული ენა -- ლექსიკონები
653 ## - INDEX TERM--UNCONTROLLED
keyword გერმანული ენა -- ფონეტიკა
653 ## - INDEX TERM--UNCONTROLLED
keyword მართლწერა
700 ## - ADDED ENTRY--PERSONAL NAME
Personal name Klient, Horst
Relator term რედაქტორი
9 (RLIN) 25839
942 ## - ADDED ENTRY ELEMENTS (KOHA)
Source of classification or shelving scheme
Koha item type წიგნი
ეგზემპლარები
Withdrawn status Lost status Source of classification or shelving scheme Damaged status Not for loan Permanent Location Current Location Shelving location Date acquired Cost, normal purchase price Full call number Barcode Date last seen Copy number Uniform Resource Identifier Price effective from Koha item type Public note
          ბათუმის შოთა რუსთაველის სახელმწიფო უნივერსიტეტის მთავარი ბიბლიოთეკა ბათუმის შოთა რუსთაველის სახელმწიფო უნივერსიტეტის მთავარი ბიბლიოთეკა წიგნსაცავი 2025-09-18 10.00 81'374038)=112.2 D-45 72367 2025-09-18 72367 ნაჩუქარი 2025-09-18 წიგნი 10 ლ.